Principios de psicología / (Record no. 165686)

MARC details
000 -LEADER
campo de control de longitud fija 01225nam a22003015i 4500
001 - NÚMERO DE CONTROL
campo de control 165686
003 - IDENTIFICADOR DE NÚMERO DE CONTROL
campo de control ES-MaACL
005 - FECHA Y HORA DE LA ÚLTIMA TRANSACCIÓN
campo de control 20250815062650.0
008 - DATOS DE LONGITUD FIJA--INFORMACIÓN GENERAL
campo de control de longitud fija 960306q18901900sp |||| | spa d
040 ## - FUENTE DE CATALOGACIÓN
Centro catalogador/agencia de origen EUS
Lengua de catalogación spa
Centro/agencia transcriptor EUS
100 1# - ENTRADA PRINCIPAL--NOMBRE DE PERSONA
Nombre de persona Spencer, Herbert,
Fechas asociadas al nombre 1820-1903
9 (RLIN) 107684
245 10 - MENCIÓN DEL TÍTULO
Título Principios de psicología /
Mención de responsabilidad, etc. por Herbert Spencer ; traducción por J. González Alonso ; Tomo I [-IV].
260 ## - PUBLICACIÓN, DISTRIBUCIÓN, ETC.
Lugar de publicación, distribución, etc. Madrid :
Nombre del editor, distribuidor, etc. La España Moderna,
Fecha de publicación, distribución, etc. [s.a.] (
Fabricante Imp. de Juan Pérez Torres)
300 ## - DESCRIPCIÓN FÍSICA
Extensión 4 v. ;
Dimensiones 23 cm.
490 1# - MENCIÓN DE SERIE
Mención de serie Biblioteca de Jurisprudencia, Filosofía e Historia
596 #1 - NOTA AL PIE DE IMPRENTA
NOTA AL PIE DE IMPRENTA La producción de La España Moderna se centra entre 1890-1900 aproximadamente.
597 #1 - NOTA DE DESCRIPCIÓN FÍSICA
NOTA DE DESCRIPCIÓN FÍSICA Signaturizado.
597 #1 - NOTA DE DESCRIPCIÓN FÍSICA
NOTA DE DESCRIPCIÓN FÍSICA Antep.
597 #1 - NOTA DE DESCRIPCIÓN FÍSICA
NOTA DE DESCRIPCIÓN FÍSICA Vol. I: [4], 331, [1] p.; Vol. II: [4], 432, [12] p.; Vol. III: [4], 353, [10] p.; Vol. IV: [4], 404, [8] p.;.
700 00 - ENTRADA AGREGADA--NOMBRE PERSONAL
Nombre de persona González Alonso, José,
Término indicativo de función/relación
9 (RLIN) 58412
700 20 - ENTRADA AGREGADA--NOMBRE PERSONAL
Nombre de persona Pérez Torres, Juan,
Término indicativo de función/relación
9 (RLIN) 131477
710 2# - ENTRADA AGREGADA--NOMBRE DE ENTIDAD CORPORATIVA
Nombre de entidad corporativa o nombre de jurisdicción como elemento de entrada La España Moderna,
Término indicativo de función/relación
9 (RLIN) 134611
752 ## - ENTRADA AGREGADA--NOMBRE JERÁRQUICO DEL LUGAR
País o entidad superior España -
Ciudad , Madrid
830 00 - PUNTO DE ACCESO ADICIONAL DE SERIE-TÍTULO UNIFORME
Título uniforme Biblioteca de jurisprudencia, filosofía e historia
9 (RLIN) 180691
852 ## - LOCALIZACIÓN
Ubicación ES-MaACL
Número de control de estantería F-14939-14942
Nota libre -- Rúst.
Holdings
Estatus retirado Estado de pérdida Estado de daño No para préstamo Biblioteca de origen Biblioteca actual Ubicación en estantería Fecha de adquisición Fuente de adquisición Total de préstamos Signatura topográfica completa Código de barras Visto por última vez Precio de reemplazo Tipo de ítem Koha
        Biblioteca del Ateneo de Madrid Biblioteca del Ateneo de Madrid Sala Pecera Planta 2 17/01/2008     F-14939-14942 1173758 23/02/2023 23/02/2023 Libro impreso